000
00250 a2200109 4500
001
51049
040
_c
Anchieta - Pituba
240
1
0
_a
Trinta anos do Colégio Anchieta
_l
245
1
0
_a
Trinta anos do Colégio Anchieta
650
4
_a
Música
942
_c
MX
999
_c
51049
_d
51049